000 01456cam a2200349 a 4500
001 EDZ0000072066
003 StDuBDS
005 20161031105218.0
006 m||||||||d||||||||
007 cr |||||||||||
008 120412s2006 enka fo| 001|0|eng d
020 _a9781446220658 (ebook) :
_cNo price
040 _aStDuBDS
_beng
_cStDuBDS
_epn
049 _aAlfaisal Main Library
050 0 _aBJ1409
_b.C46 2006
082 0 4 _a303.38
_223
100 1 _aChouliaraki, Lilie.
245 1 4 _aThe spectatorship of suffering
_h[electronic resource] /
_cLilie Chouliaraki.
260 _aLondon :
_bSAGE,
_c2006.
300 _a1 online resource (237 p.) :
_bill.
520 8 _aDrawing on media and social theory, political philosophy and discourse analysis, this title offers an original theoretical perspective on the role of media in global civil society, and looks at how we might begin to analyse the ways in which distant suffering is portrayed, reproduced and consumed.
521 _aSpecialized.
588 _aDescription based on print version record.
504 _aIncludes bibliographical references and index.
650 0 _aSuffering.
650 0 _aSuffering
_xMoral and ethical aspects.
655 7 _aElectronic books.
_2local
710 2 _aSage eBooks
776 0 8 _iPrint version :
_z9780761970408
856 4 0 _uhttp://ezproxy.alfaisal.edu/login?url=http://sk.sagepub.com/books/the-spectatorship-of-suffering
942 _2lcc
_cEBOOKS
999 _c481795
_d481795